Normale Ansicht MARC-Ansicht ISBD

Jakov Bljumkin : (Titelsatznr. 20477)

[ MARC ]
MARC-Details
000 -Satzkennung
Kontrollfeld mit fester Länge 00524nam a22001931c 4500
001 - Kontrollnummer
Kontrollfeld a987677898
008 - Feld mit fester Länge zur physischen Beschreibung - Allgemeine Angaben
Kontrollfeld mit fester Länge 161109s2016 gw |||| 000u rus d
020 ## - Internationale Standardbuchnummer
Internationale Standardbuchnummer 9785235038639
Verknüpfung 978-5-235-03863-9
041 ## - Sprachcode
Sprachcode des Textes/der Tonspur oder des separaten Titels rus
040 ## - Katalogisierungsquelle
Übertragungsstelle RU-10907106
003 - Kontrollnummer Identifier
Kontrollfeld RU-10907106
100 1# - Haupteintragung - Personenname
Personenname Matonin, Evgenij V.
245 00 - Titel
Titel Jakov Bljumkin :
Zusatz zum Titel ošibka rezidenta
264 ## - Produktion, Veröffentlichung, Distribution, Herstellung und Urheberrechtsvermerk
Herstellungs-, Veröffentlichungs- Vertriebs-, Erzeugungsort Moskva :
Produzent, Herausgeber, Distributor, Hersteller Molodaja gvardija,
Datum der Herstellung, der Veröffentlichung, des Vertriebs oder des Urheberschutzvermerks 2016
300 ## - Physische Beschreibung
Umfang 430 Seiten
490 #0 - Gesamttitelangabe
Gesamttitelangabe Žizn' zamečatel'nych ljudej
Bandnummer/Folgebezeichnung 1763
600 #0 - Nebeneintragung unter einem Schlagwort - Personenname
Personenname Bljumkin, Jakov G.
942 ## - Zusätzliche Felder (Koha)
Koha-Medientyp Monographien
Exemplare
Ausgeschieden Verloren Klassifikation oder Aufstellungssystematik Beschädigt Nicht entleihbar Heimatbibliothek Aufenthaltsbibliothek Aufstellungsort Erwerbungsdatum Inventarnummer Signatur Barcode Letzte Aktivität Preis gültig von Koha-Medientyp
    Andere/Generische Klassifikation     MWN Osteuropa MWN Osteuropa Magazin - 2 09/11/2016 16-04092 R 61 ej Mat E0040150790F07FD 23/02/2021 22/03/2021 Monographien